[Event "63. BEM 2009"]
[Site "Dortmund"]
[Date "2009.03.05"]
[Round "6.15"]
[White "Jentzsch, Werner Wilfried"]
[Black "Raskin, Vitali"]
[Result "0-1"]
[WhiteElo "1414"]
[BlackElo "1612"]
[PlyCount "28"]
[EventDate "2009.??.??"]
[Source "SG Dortmund"]
[SourceDate "2004.12.16"]

1. d4 d5 2. c4 dxc4 3. e4 b5 4. b3 Bb7 5. d5 e6 6. bxc4 Qf6 7. Qc2 Bb4+ 8. Kd1
Qd4+ 9. Bd3 bxc4 10. Bb2 cxd3 11. Qa4+ Bc6 12. Qxc6+ Nxc6 13. Bxd4 Nxd4 14.
dxe6 Nc2 0-1

[Event "63. BEM 2009"]
[Site "Dortmund"]
[Date "2009.03.05"]
[Round "6.16"]
[White "Ezzat, Tarik"]
[Black "Krüger, Inge"]
[Result "1-0"]
[WhiteElo "1517"]
[BlackElo "1272"]
[PlyCount "61"]
[EventDate "2009.??.??"]
[Source "SG Dortmund"]
[SourceDate "2004.12.16"]

1. Nc3 Nf6 2. e4 d6 3. d4 e5 4. dxe5 dxe5 5. Bd3 Be7 6. Nf3 Nbd7 7. h3 O-O 8.
O-O c6 9. Be3 Qc7 10. Ne2 Nc5 11. Ng3 Nxd3 12. cxd3 Bd7 13. Qc2 b6 14. Rac1
Rac8 15. Rfd1 Qb8 16. Qc3 Bd6 17. Bg5 Ne8 18. Nh5 h6 19. Be3 Kh7 20. d4 f6 21.
dxe5 fxe5 22. Nh4 g6 23. Ng3 Nf6 24. Qd2 Be7 25. Bxh6 Rg8 26. Bg5 Be6 27. Qe2
Rce8 28. Rxc6 Bd8 29. Rdd6 Bd7 30. Rxf6 Bxf6 31. Rxf6 1-0

[Event "63. BEM 2009"]
[Site "Dortmund"]
[Date "2009.03.05"]
[Round "6.17"]
[White "Krüger, Georg"]
[Black "Noori, Mir Ahmad"]
[Result "1-0"]
[WhiteElo "1711"]
[BlackElo "1548"]
[PlyCount "73"]
[EventDate "2009.??.??"]
[Source "SG Dortmund"]
[SourceDate "2004.12.16"]

1. Nf3 e6 2. c4 g6 3. Nc3 Bg7 4. d4 d6 5. Bg5 Ne7 6. h3 h6 7. Bf4 b6 8. e3 Bb7
9. Be2 Nd7 10. O-O O-O 11. Qc2 a6 12. b4 a5 13. a3 Nf6 14. Bh2 Qd7 15. Rfd1
axb4 16. axb4 Rxa1 17. Rxa1 Ra8 18. Rxa8+ Bxa8 19. Qa2 Qc8 20. Nb5 Bc6 21. c5
Bxb5 22. Bxb5 dxc5 23. bxc5 bxc5 24. dxc5 c6 25. Bf1 Ne4 26. Qc2 Nf6 27. Nd4
Nfd5 28. Bd6 Bf8 29. Qa4 Qb7 30. Qa6 Qd7 31. Be2 Kg7 32. Bd1 Nc3 33. Bb3 Nb5
34. Nxb5 cxb5 35. Qa1+ Kg8 36. Qf6 h5 37. Be5 1-0

[Event "63. BEM 2009"]
[Site "Dortmund"]
[Date "2009.03.05"]
[Round "6.18"]
[White "Schaefer, Ulrich"]
[Black "Reinacher, Detlev"]
[Result "0-1"]
[WhiteElo "1328"]
[BlackElo "1554"]
[PlyCount "52"]
[EventDate "2009.??.??"]
[Source "SG Dortmund"]
[SourceDate "2004.12.16"]

1. e4 d6 2. d4 g6 3. Nc3 Bg7 4. Be3 c6 5. d5 Nf6 6. Bd4 Nbd7 7. Nf3 O-O 8. Qd2
Qc7 9. O-O-O a6 10. Be3 c5 11. Bh6 b5 12. Bxg7 Kxg7 13. Qg5 c4 14. Nh4 Nc5 15.
Nf5+ Kh8 16. Qh6 Rg8 17. Nh4 b4 18. Ne2 Ncxe4 19. Qe3 Bb7 20. Nf4 g5 21. Nf5
gxf4 22. Qxf4 Bxd5 23. Be2 Qa5 24. f3 Qxa2 25. fxe4 Nxe4 26. c3 Qa1+ 0-1

[Event "63. BEM 2009"]
[Site "Dortmund"]
[Date "2009.03.05"]
[Round "6.19"]
[White "Schoppe, Hans-Werner"]
[Black "Völler, Lothar"]
[Result "0-1"]
[WhiteElo "1299"]
[BlackElo "1492"]
[PlyCount "88"]
[EventDate "2009.??.??"]
[Source "SG Dortmund"]
[SourceDate "2004.12.16"]

1. d4 d5 2. Bf4 Nf6 3. h3 e6 4. e3 c5 5. c3 Nc6 6. Nf3 Be7 7. Be2 O-O 8. O-O a6
9. dxc5 Bxc5 10. b4 Be7 11. Nbd2 b5 12. Nb3 Ne4 13. Qc2 Bf6 14. Nbd4 Bb7 15.
Bd3 Nxd4 16. cxd4 Rc8 17. Qb2 h6 18. Rac1 Nd6 19. Rxc8 Nxc8 20. Rc1 Nd6 21.
Bxd6 Qxd6 22. a3 Bd8 23. Bb1 g6 24. Ne5 Kg7 25. Qc2 f5 26. Qc5 Qxc5 27. bxc5
Bc7 28. Nd3 a5 29. Ba2 Bc6 30. f4 Rb8 31. Rb1 Kf6 32. Kf2 g5 33. Ne5 Bxe5 34.
fxe5+ Ke7 35. g4 Rf8 36. gxf5 Rxf5+ 37. Kg2 Rf8 38. Rf1 Rxf1 39. Kxf1 b4 40.
axb4 axb4 41. Kf2 Ba4 42. Bb1 Bd1 43. Kg3 b3 44. c6 Bc2 0-1

[Event "63. BEM 2009"]
[Site "Dortmund"]
[Date "2009.03.05"]
[Round "6.20"]
[White "Pfeffer, Josef"]
[Black "Schrimpl, Michael"]
[Result "1/2-1/2"]
[WhiteElo "1241"]
[BlackElo "1476"]
[PlyCount "51"]
[EventDate "2009.??.??"]
[Source "SG Dortmund"]
[SourceDate "2004.12.16"]

1. e4 c5 2. Be2 Nc6 3. Nf3 d6 4. O-O Nf6 5. Nc3 g6 6. d4 cxd4 7. Nxd4 Bd7 8.
Kh1 Bg7 9. Be3 O-O 10. f4 a6 11. Rb1 Rc8 12. Nxc6 Bxc6 13. Bf3 Qa5 14. a3 Rfd8
15. Na2 Nxe4 16. Qe2 Bb5 17. Qe1 Qxe1 18. Rfxe1 Bc6 19. Bb6 Re8 20. Bxe4 Bxe4
21. Rxe4 Rxc2 22. Bd4 Rc4 23. Rd1 f5 24. b3 Rxd4 25. Rexd4 Bxd4 26. Rxd4
1/2-1/2

[Event "63. BEM 2009"]
[Site "Dortmund"]
[Date "2009.03.05"]
[Round "6.22"]
[White "Bönke, Holger E"]
[Black "Siwy, Boguslaw"]
[Result "0-1"]
[WhiteElo "1121"]
[BlackElo "1412"]
[PlyCount "38"]
[EventDate "2009.??.??"]
[Source "SG Dortmund"]
[SourceDate "2004.12.16"]

1. c4 Nf6 2. Nc3 e5 3. d3 c6 4. e4 Bb4 5. Nge2 O-O 6. g3 d5 7. cxd5 cxd5 8.
exd5 Qxd5 9. Rg1 Nc6 10. Bg2 Qd6 11. Bd2 Qxd3 12. Bxc6 bxc6 13. g4 Nxg4 14. Rg3
Qf5 15. f4 Ba6 16. Rc1 Rad8 17. Qc2 Bd3 18. Rxd3 Rxd3 19. fxe5 Qf2+ 0-1

[Event "63. BEM 2009"]
[Site "Dortmund"]
[Date "2009.03.05"]
[Round "6.23"]
[White "Schirmer, Florian"]
[Black "Hansen, Jochen"]
[Result "0-1"]
[WhiteElo "952"]
[BlackElo "1396"]
[PlyCount "94"]
[EventDate "2009.??.??"]
[Source "SG Dortmund"]
[SourceDate "2004.12.16"]

1. d4 d5 2. c4 e6 3. Nf3 Nf6 4. g3 Be7 5. Bg2 O-O 6. cxd5 exd5 7. O-O Nc6 8.
Nc3 Re8 9. Bg5 h6 10. Bxf6 Bxf6 11. e3 Bf5 12. Qb3 Be6 13. Qxb7 Na5 14. Qb5 c6
15. Qe2 Nc4 16. b3 Na5 17. Rac1 Be7 18. Na4 Ba3 19. Rc2 Bf5 20. Rc3 Qc7 21. Ne5
f6 22. Nxc6 Be4 23. Nb4 Qb7 24. Bxe4 Bxb4 25. Bg6 Re7 26. Nc5 Qb6 27. Rc2 Rc8
28. Na4 Qd8 29. Rfc1 Rec7 30. Rxc7 Rxc7 31. Rxc7 Qxc7 32. Qb5 Qe7 33. Qxd5+ Kh8
34. Qa8+ Qf8 35. Qxf8+ Bxf8 36. Nc5 Nc6 37. d5 Ne5 38. Nb7 Nxg6 39. d6 Ne5 40.
f4 Nd7 41. e4 g6 42. g4 Kg7 43. e5 fxe5 44. fxe5 Nxe5 45. h3 Kf7 46. Kf2 Ke6
47. Ke3 Bxd6 0-1

[Event "63. BEM 2009"]
[Site "Dortmund"]
[Date "2009.03.05"]
[Round "6.24"]
[White "Gennat, Egon L"]
[Black "Fahle, Karl-Wilhelm"]
[Result "1-0"]
[WhiteElo "1362"]
[BlackElo "1202"]
[PlyCount "113"]
[EventDate "2009.??.??"]
[Source "SG Dortmund"]
[SourceDate "2004.12.16"]

1. d4 Nf6 2. Nf3 e6 3. c4 Bb4+ 4. Nc3 Ne4 5. Qc2 d5 6. a3 Bxc3+ 7. bxc3 c6 8.
e3 Nd7 9. Bd3 Ndf6 10. cxd5 cxd5 11. O-O O-O 12. Ne5 Qc7 13. c4 Re8 14. f3 Nd6
15. Bd2 b6 16. Rfc1 Bd7 17. cxd5 Qxc2 18. Rxc2 Rac8 19. Nxd7 Rxc2 20. Nxf6+
gxf6 21. Bxc2 exd5 22. Bb3 Nf5 23. Kf2 Rd8 24. Rc1 Ne7 25. Rc7 Nc8 26. e4 dxe4
27. Rxf7 Rf8 28. Rxa7+ Kh8 29. Rb7 f5 30. f4 Rf6 31. d5 Rd6 32. Bc3+ Kg8 33.
Be5 Kf8 34. Rxh7 e3+ 35. Kxe3 Rg6 36. g3 Ne7 37. d6 b5 38. dxe7+ Ke8 39. Bf7+
Kxe7 40. Bxg6+ Ke6 41. Rh5 Kd5 42. Rxf5 b4 43. Bf7+ Kc6 44. Be8+ Kc5 45. Bb2+
Kd6 46. Kd4 bxa3 47. Bxa3+ Kc7 48. Be7 Kb6 49. Kc4 Ka6 50. Kc5 Kb7 51. Kd6 Kc8
52. Kc6 Kb8 53. Bd7 Ka7 54. Bd8 Kb8 55. Kb6 Ka8 56. Be6 Kb8 57. Bc7+ {
Offensichtlich wollte Weiss das Mattsetzen mit zwei Laeufern ueben, doch
Schwarz ist ein "Spielverderber" und gibt einen Zug vor dem Finale auf ...} 1-0

[Event "63. BEM 2009"]
[Site "Dortmund"]
[Date "2009.03.05"]
[Round "6.25"]
[White "Strotmann, Dieter"]
[Black "Hast, Stefan"]
[Result "1/2-1/2"]
[WhiteElo "1192"]
[BlackElo "1143"]
[PlyCount "86"]
[EventDate "2009.??.??"]
[Source "SG Dortmund"]
[SourceDate "2004.12.16"]

1. d4 Nf6 2. Nf3 g6 3. c4 Bg7 4. Nc3 O-O 5. e4 d6 6. Be3 Re8 7. Qd2 Ng4 8. Be2
Nxe3 9. Qxe3 Nc6 10. a3 Bg4 11. Rd1 e6 12. e5 Bxf3 13. Bxf3 Na5 14. Qe2 Rb8 15.
b4 Nc6 16. Bxc6 bxc6 17. O-O Qc8 18. c5 d5 19. f4 Ra8 20. a4 a5 21. b5 cxb5 22.
Nxb5 Qa6 23. Qc2 Qc6 24. Rb1 Re7 25. Rf3 f6 26. h3 Rb8 27. Rff1 fxe5 28. Na7
Qe8 29. Rxb8 Qxb8 30. Nc6 Qe8 31. Nxe7+ Qxe7 32. fxe5 Qh4 33. Qb2 h5 34. Qb8+
Kh7 35. Qxc7 Qxd4+ 36. Kh1 Qxa4 37. c6 Kh6 38. Qd7 Bxe5 39. Qxe6 Qc4 40. Re1
Bf4 41. Rd1 Qb3 42. Qxd5 Qg3 43. Kg1 Be3+ 1/2-1/2

[Event "63. BEM 2009"]
[Site "Dortmund"]
[Date "2009.03.05"]
[Round "6.26"]
[White "Weih, Kurt"]
[Black "Böckmann, Lieselotte"]
[Result "1-0"]
[WhiteElo "1232"]
[BlackElo "978"]
[PlyCount "21"]
[EventDate "2009.??.??"]
[Source "SG Dortmund"]
[SourceDate "2004.12.16"]

1. e4 e5 2. Nf3 Nc6 3. Bc4 f6 4. c3 Nge7 5. Qb3 d5 6. exd5 Bd7 7. dxc6 Be6 8.
Bxe6 Nd5 9. Bxd5 b6 10. Bf7+ Ke7 11. Qe6# 1-0

[Event "63. BEM 2009"]
[Site "Dortmund"]
[Date "2009.03.05"]
[Round "6.27"]
[White "Vogt, Christian"]
[Black "Wilkins, Petra"]
[Result "1-0"]
[WhiteElo "1046"]
[BlackElo "780"]
[PlyCount "89"]
[EventDate "2009.??.??"]
[Source "SG Dortmund"]
[SourceDate "2004.12.16"]

1. d4 Nc6 2. c4 d6 3. Nc3 Be6 4. d5 Bd7 5. dxc6 Bxc6 6. Nf3 e5 7. e4 Nf6 8. Bg5
Be7 9. Bxf6 Bxf6 10. Nd5 Be7 11. Bd3 O-O 12. O-O Re8 13. Nxe7+ Rxe7 14. b4 b6
15. a4 Rb8 16. Nh4 Qd7 17. Nf5 Re6 18. h4 g6 19. Ne3 g5 20. b5 Bb7 21. Qg4 Qe7
22. Qxg5+ Kf8 23. Nf5 Qxg5 24. hxg5 Rg6 25. Rae1 Rxg5 26. Re3 f6 27. Rg3 Kf7
28. f4 exf4 29. Rxf4 Rbg8 30. Nh6+ Ke7 31. Nxg8+ Rxg8 32. Rxg8 c6 33. Rg7+ Ke6
34. Rxb7 Ke5 35. Rf5+ Kd4 36. Bf1 Kxe4 37. Rxf6 Ke5 38. bxc6 Kxf6 39. c7 Ke5
40. c8=Q a6 41. Re7+ Kd4 42. Qg4+ Kc5 43. Rxh7 Kb4 44. Rh5 Kxa4 45. c5+ {
und nun zog der schwarze Koenig irregulaer ueber das vom Gegner kontrollierte
Feld b5 und anschliessend nach c6, woraufhin er bald mattgesetzt wurde ...} 1-0

[Event "63. BEM 2009"]
[Site "Dortmund"]
[Date "2009.03.05"]
[Round "6.28"]
[White "Rabe, Mark"]
[Black "Müller, Michaela"]
[Result "1-0"]
[WhiteElo "999"]
[BlackElo "1025"]
[PlyCount "97"]
[EventDate "2009.??.??"]
[Source "SG Dortmund"]
[SourceDate "2004.12.16"]

1. d4 e6 2. Nf3 d5 3. e3 c5 4. c3 Nc6 5. Nbd2 cxd4 6. cxd4 Bb4 7. a3 Ba5 8. b4
Bc7 9. Be2 Bd7 10. e4 dxe4 11. Nxe4 Qc8 12. Bb2 f6 13. Bc4 e5 14. d5 Nd4 15.
Bxd4 exd4 16. O-O Bb6 17. Nd6+ Kd8 18. Nxc8 Rxc8 19. Nd2 Ne7 20. Qf3 Ng6 21.
Rac1 Ne5 22. Qg3 Rg8 23. d6 Nxc4 24. Rxc4 a6 25. Qh4 h6 26. Re1 Rxc4 27. Nxc4
Ba7 28. Qh5 b5 29. Nd2 Bb8 30. Qd5 Rf8 31. Qb7 Bxd6 32. Qa8+ Bc8 33. Qc6 Be5
34. Rc1 Bd7 35. Qa8+ Ke7 36. Qxa6 Rd8 37. Ne4 Bf4 38. Rd1 Rc8 39. Nc5 Rc6 40.
Qxb5 Rd6 41. Qb8 Be5 42. Qh8 Kf7 43. a4 Rc6 44. Nxd7 Bd6 45. Qa8 Rc3 46. Qd5+
Ke7 47. Nb6 Rc7 48. Qxd4 Be5 49. Qd5 1-0

[Event "63. BEM 2009"]
[Site "Dortmund"]
[Date "2009.03.09"]
[Round "7.1"]
[White "Lindam, Ingo"]
[Black "Schiefelbusch, Dirk"]
[Result "1/2-1/2"]
[WhiteElo "2033"]
[BlackElo "2093"]
[PlyCount "40"]
[EventDate "2009.??.??"]
[Source "SG Dortmund"]
[SourceDate "2004.12.16"]

1. d4 d5 2. Nf3 Nf6 3. Bf4 Bf5 4. e3 e6 5. Nbd2 Be7 6. c4 O-O 7. h3 Nbd7 8. Qb3
Qc8 9. Rc1 c5 10. Be2 b6 11. O-O Qb7 12. cxd5 exd5 13. dxc5 Nxc5 14. Qc3 Rac8
15. Qd4 h6 16. Ne5 a6 17. b4 Ne6 18. Qb2 Nxf4 19. exf4 Ne4 20. Ndf3 Nd6 1/2-1/2

[Event "63. BEM 2009"]
[Site "Dortmund"]
[Date "2009.03.09"]
[Round "7.2"]
[White "Schütte, Tobias"]
[Black "Goldschmidt, Christian"]
[Result "1-0"]
[WhiteElo "1912"]
[BlackElo "2169"]
[PlyCount "75"]
[EventDate "2009.??.??"]
[Source "SG Dortmund"]
[SourceDate "2004.12.16"]

1. f4 d5 2. Nf3 c5 3. e3 Nc6 4. d4 Bg4 5. c3 e6 6. Bd3 f5 7. O-O Nf6 8. Nbd2
Bd6 9. Qe1 Ne4 10. Ne5 Nxe5 11. fxe5 Nxd2 12. Bxd2 c4 13. Bc2 Be7 14. Ba4+ Kf7
15. e4 dxe4 16. Qxe4 Kg6 17. Qe1 Bh4 18. g3 Be7 19. Bc2 Qd5 20. Qe3 h6 21. Rf2
Bg5 22. Qe1 Kf7 23. b3 b5 24. Bxg5 hxg5 25. Be4 Qd8 26. Bxa8 Qxa8 27. bxc4 bxc4
28. Rb1 Bh3 29. Qd2 Kg6 30. Qe2 Qd5 31. Qf3 Qa5 32. Rb4 Qa3 33. Rc2 a5 34. Rb6
Qa4 35. Rxe6+ Kf7 36. Qd5 Qxc2 37. Ra6+ Ke7 38. Qb7+ 1-0

[Event "63. BEM 2009"]
[Site "Dortmund"]
[Date "2009.03.09"]
[Round "7.3"]
[White "Zelt, Jens"]
[Black "Simon, Thomas"]
[Result "1-0"]
[WhiteElo "2015"]
[BlackElo "1932"]
[PlyCount "73"]
[EventDate "2009.??.??"]
[Source "SG Dortmund"]
[SourceDate "2004.12.16"]

1. d4 Nf6 2. Nf3 e6 3. c3 c5 4. Bf4 Nc6 5. e3 Be7 6. h3 d5 7. Nbd2 Bd7 8. Bd3
Qb6 9. Qb1 h6 10. O-O Rc8 11. Re1 O-O 12. Bh2 Rfd8 13. Ne5 Be8 14. f4 Nxe5 15.
fxe5 Nd7 16. Kh1 f6 17. Nf3 f5 18. g4 g6 19. Rg1 Kh7 20. Rg2 Nf8 21. h4 Bb5 22.
Bc2 fxg4 23. Rxg4 Be2 24. Bxg6+ Kh8 25. Rg3 Bxf3+ 26. Rxf3 Bxh4 27. Bf4 Kg7 28.
Bh5 cxd4 29. exd4 Rd7 30. Qg1+ Kh8 31. Bxh6 Qd8 32. Bxf8 Rh7 33. Raf1 Qg5 34.
Qxg5 Bxg5 35. Rh3 Kg8 36. Bd6 Be3 37. Kg2 1-0

[Event "63. BEM 2009"]
[Site "Dortmund"]
[Date "2009.03.09"]
[Round "7.5"]
[White "Kartsev, Alexandr"]
[Black "Hoppe, Dirk"]
[Result "1-0"]
[WhiteElo "1988"]
[BlackElo "1818"]
[PlyCount "69"]
[EventDate "2009.??.??"]
[Source "SG Dortmund"]
[SourceDate "2004.12.16"]

1. e4 e6 2. d4 d5 3. e5 c5 4. c3 Nc6 5. Nf3 Bd7 6. Be2 f6 7. O-O Qc7 8. Bf4
O-O-O 9. Na3 a6 10. Nc2 h6 11. Bg3 f5 12. Nh4 g5 13. Ng6 Rh7 14. Nxf8 Rxf8 15.
f4 Nge7 16. dxc5 gxf4 17. Bxf4 Ng6 18. b4 Nxf4 19. Rxf4 Qxe5 20. Qd2 Rg8 21. a4
Rhg7 22. Rf2 Rg5 23. b5 Qg7 24. Bf1 Ne5 25. Nd4 Ng4 26. c6 Nxf2 27. cxd7+ Qxd7
28. Qxf2 a5 29. c4 dxc4 30. Rc1 Kb8 31. Nf3 R5g7 32. Ne5 Qc7 33. Nxc4 Rg4 34.
Rc2 Rf4 35. b6 1-0

[Event "63. BEM 2009"]
[Site "Dortmund"]
[Date "2009.03.09"]
[Round "7.6"]
[White "Begna, Bozidar"]
[Black "Benke, Werner"]
[Result "1-0"]
[WhiteElo "1937"]
[BlackElo "1543"]
[PlyCount "93"]
[EventDate "2009.??.??"]
[Source "SG Dortmund"]
[SourceDate "2004.12.16"]

1. e4 e5 2. Nf3 d6 3. d4 exd4 4. Qxd4 Nf6 5. Bg5 Be7 6. Nc3 O-O 7. O-O-O Nc6 8.
Qd2 Be6 9. Kb1 a6 10. Bxf6 Bxf6 11. Nd5 Bxd5 12. exd5 Ne5 13. Nd4 g6 14. f4 Nd7
15. g4 Bxd4 16. Qxd4 Qf6 17. Qd2 Rfe8 18. Bg2 Nc5 19. Rde1 Kf8 20. g5 Qg7 21.
h4 Rxe1+ 22. Rxe1 Re8 23. c3 f5 24. Rxe8+ Kxe8 25. Qe3+ Qe7 26. Qxe7+ Kxe7 27.
Kc2 a5 28. b4 axb4 29. cxb4 Na6 30. Kc3 Kd7 31. Bf1 Nb8 32. Bc4 Kc8 33. h5 Kd8
34. h6 Ke7 35. Bd3 Kf7 36. a4 Nd7 37. a5 Kg8 38. Bb5 Nb8 39. Ba4 Kf7 40. Bc2
Nd7 41. Bd3 Kg8 42. b5 Kf7 43. a6 bxa6 44. bxa6 Nb6 45. Bc4 Ke7 46. a7 Kd8 47.
Kd4 1-0

[Event "63. BEM 2009"]
[Site "Dortmund"]
[Date "2009.03.09"]
[Round "7.7"]
[White "Ziperstein, Jakob"]
[Black "Hellwig, Thomas"]
[Result "1-0"]
[WhiteElo "1801"]
[BlackElo "1858"]
[PlyCount "135"]
[EventDate "2009.??.??"]
[Source "SG Dortmund"]
[SourceDate "2004.12.16"]

1. e4 c5 2. Nf3 d6 3. Nc3 Nf6 4. Bb5+ Nc6 5. e5 dxe5 6. Nxe5 Bd7 7. Nxd7 Qxd7
8. O-O e6 9. Qf3 Be7 10. Bxc6 bxc6 11. d3 Nd5 12. Ne4 O-O 13. Be3 Nxe3 14. Qxe3
Qd4 15. b3 h6 16. Qe2 Rad8 17. Kh1 e5 18. Nd2 f6 19. a4 Rfe8 20. Nc4 Bf8 21.
Qe3 Qc3 22. Rae1 Qd4 23. Qd2 f5 24. Re2 Bd6 25. Rfe1 Bb8 26. Qc1 Qh4 27. Qe3 e4
28. f4 Bxf4 29. g3 Bxe3 30. gxh4 f4 31. Nxe3 exd3 32. cxd3 fxe3 33. Rxe3 Rxe3
34. Rxe3 Rd4 35. Re8+ Kh7 36. Re5 Rxd3 37. Rxc5 Rxb3 38. Rxc6 Rb4 39. Ra6 Rb7
40. h5 Kg8 41. Kg2 Rf7 42. Kg3 Kf8 43. Kg4 Ke8 44. Ra5 Kd8 45. Rf5 Rb7 46. Rd5+
Kc7 47. Kf5 Rb4 48. Kg6 Rg4+ 49. Kf7 a6 50. a5 Kc6 51. Re5 Rg2 52. Kg8 Kd6 53.
Rf5 Ke7 54. Rf7+ Ke6 55. Rxg7 Rxh2 56. Rg6+ Kf5 57. Rxh6 Rg2+ 58. Kf8 Rb2 59.
Rxa6 Rb7 60. Ke8 Rb8+ 61. Kd7 Rh8 62. Rc6 Rh7+ 63. Kc8 Ke5 64. a6 Kd5 65. Rc7
Rxh5 66. a7 Kd6 67. Kb8 Rb5+ 68. Rb7 1-0

[Event "63. BEM 2009"]
[Site "Dortmund"]
[Date "2009.03.09"]
[Round "7.8"]
[White "Gerke, Dieter"]
[Black "Lauche, Christoph"]
[Result "1/2-1/2"]
[WhiteElo "1587"]
[BlackElo "1950"]
[PlyCount "89"]
[EventDate "2009.??.??"]
[Source "SG Dortmund"]
[SourceDate "2004.12.16"]

1. Nf3 f5 2. d4 Nf6 3. c4 g6 4. g3 Bg7 5. Bg2 O-O 6. O-O d6 7. Nc3 c6 8. Re1 h6
9. e4 fxe4 10. Nxe4 Nxe4 11. Rxe4 Bf5 12. Re1 g5 13. Qb3 Qd7 14. Be3 Be4 15.
Nd2 Bxg2 16. Kxg2 Na6 17. Rad1 Nc7 18. Qd3 d5 19. Nf3 Rf5 20. Ne5 Bxe5 21. dxe5
Raf8 22. Bxa7 Qe6 23. cxd5 Nxd5 24. Bd4 Rf4 25. Qb3 R4f7 26. Kg1 Qg4 27. Rd2 e6
28. Bc5 Rd8 29. Qc2 Kg7 30. Be7 $4 $138 Rd7 $4 $138 (30... Rxe7 $19) 31. Bf6+
Nxf6 32. exf6+ Kxf6 33. Rxd7 Rxd7 34. Qc3+ Qd4 35. Qf3+ Ke7 36. Qb3 e5 37. Qc2
Ke6 38. Qg6+ Kd5 39. Qxh6 Qd2 40. Re3 Kc5 41. Qxg5 Qd1+ 42. Kg2 Qd5+ 43. Kg1
Qd1+ 44. Kg2 Qd5+ 45. Kg1 1/2-1/2

[Event "63. BEM 2009"]
[Site "Dortmund"]
[Date "2009.03.09"]
[Round "7.9"]
[White "Clausen, Dirk"]
[Black "Morawietz, Manuel"]
[Result "1/2-1/2"]
[WhiteElo "1606"]
[BlackElo "1810"]
[PlyCount "42"]
[EventDate "2009.??.??"]
[Source "SG Dortmund"]
[SourceDate "2004.12.16"]

1. c4 c6 2. d4 d5 3. cxd5 cxd5 4. Nc3 Nf6 5. Nf3 e6 6. e3 Be7 7. Bd3 O-O 8. O-O
Nc6 9. a3 a6 10. Rb1 b5 11. b4 Bb7 12. Bb2 Bd6 13. Re1 Rc8 14. Ba1 Qe7 15. Qb3
Rfd8 16. h3 e5 17. dxe5 Nxe5 18. Nxe5 Qxe5 19. g3 Qh5 20. Bf1 d4 21. exd4 Bb8
1/2-1/2

[Event "63. BEM 2009"]
[Site "Dortmund"]
[Date "2009.03.09"]
[Round "7.10"]
[White "Grawe, Herbert"]
[Black "Sonntag, Joachim"]
[Result "0-1"]
[WhiteElo "1491"]
[BlackElo "1788"]
[PlyCount "106"]
[EventDate "2009.??.??"]
[Source "SG Dortmund"]
[SourceDate "2004.12.16"]

1. Nc3 d5 2. e4 d4 3. Nce2 e5 4. Ng3 Nc6 5. a3 Qf6 6. Bc4 Bc5 7. d3 Nge7 8. Nf3
h6 9. Nh5 Qg6 10. Ng3 Bg4 11. h3 Bd7 12. Nh4 Qf6 13. Nf3 g5 14. O-O g4 15. Nh2
gxh3 16. Nh5 Qg6 17. g3 f5 18. f4 fxe4 19. b4 Bb6 20. b5 Na5 21. Bf7+ Qxf7 22.
fxe5 Bf5 23. Nf6+ Kd8 24. g4 Qg6 25. Kh1 Be6 26. dxe4 Bc4 27. Rf3 Bxb5 28. c3
Bc6 29. Qd3 Nb3 30. Rb1 Nxc1 31. Rxc1 Qg5 32. Rcf1 Qxe5 33. Rf4 Qb5 34. Qd2 Qc4
35. R4f3 Bb5 36. g5 Qe2 37. Rd1 Qg2+ 38. Qxg2 hxg2+ 39. Kxg2 Be2 40. Rd2 Bxf3+
41. Nxf3 c5 42. Ne5 Rf8 43. Nfd7 Rg8 44. Rf2 Rxg5+ 45. Kh3 Kc7 46. Rf7 Re8 47.
Nf6 Rxe5 48. Nxe8+ Kd8 49. Nf6 dxc3 50. Rf8+ Kc7 51. Ne8+ Kc6 52. Rf6+ Kd7 53.
Nd6 c2 0-1

[Event "63. BEM 2009"]
[Site "Dortmund"]
[Date "2009.03.09"]
[Round "7.11"]
[White "Ziemek, Gerhard"]
[Black "Boxberg, Marc"]
[Result "1/2-1/2"]
[WhiteElo "1733"]
[BlackElo "1409"]
[PlyCount "108"]
[EventDate "2009.??.??"]
[Source "SG Dortmund"]
[SourceDate "2004.12.16"]

1. d4 e6 2. e4 d5 3. Nc3 Bb4 4. Bd3 Nf6 5. Bg5 h6 6. Bf4 dxe4 7. Be2 O-O 8. a3
Bxc3+ 9. bxc3 b6 10. f3 Bb7 11. fxe4 Nxe4 12. Qd3 Nd7 13. Nf3 Ndf6 14. O-O Nh5
15. Be3 Qd6 16. Ne5 Nhf6 17. Bf4 Qd5 18. Bf3 Rad8 19. Rae1 c5 20. Rd1 cxd4 21.
cxd4 Rc8 22. c4 Qa5 23. Rde1 Rfd8 24. Bxe4 Bxe4 25. Rxe4 Nxe4 26. Qxe4 Rf8 27.
Qf3 Rc7 28. Ng4 Rd7 29. Bxh6 Qf5 30. Qg3 Qg6 31. Be3 f5 32. Ne5 Qxg3 33. hxg3
Rc7 34. a4 Rd8 35. Kf2 g5 36. Rb1 f4 37. gxf4 gxf4 38. Bxf4 Rxd4 39. g3 Kg7 40.
Nf3 Rxf4 41. gxf4 Rxc4 42. a5 Rxf4 {(=)} 43. axb6 axb6 44. Rxb6 Kf6 45. Ke3 Rf5
46. Nd4 Re5+ 47. Kf4 Re1 48. Nf3 Re2 49. Rb5 Ke7 50. Rb1 Kf6 51. Nd4 Re5 52.
Rf1 Rd5 {(=)} 53. Ke4+ Ke7 54. Rh1 Kd6 {Schwarz reklamierte ein Remis nach Art.
10.2. Der Reklamation wurde stattgegeben ...} 1/2-1/2

[Event "63. BEM 2009"]
[Site "Dortmund"]
[Date "2009.03.09"]
[Round "7.12"]
[White "Gegner, Michael"]
[Black "Rzoczek, Christoph"]
[Result "1/2-1/2"]
[WhiteElo "1440"]
[BlackElo "1622"]
[PlyCount "135"]
[EventDate "2009.??.??"]
[Source "SG Dortmund"]
[SourceDate "2004.12.16"]

1. e4 d5 2. d4 dxe4 3. Nc3 Nf6 4. f3 e6 5. fxe4 Bb4 6. Bg5 h6 7. Bxf6 Qxf6 8.
Nf3 Qf4 9. Qd3 O-O 10. Be2 b6 11. e5 Ba6 12. Qd2 Qxd2+ 13. Nxd2 Rd8 14. a3 Bxc3
15. bxc3 Bxe2 16. Kxe2 Na6 17. Ne4 Nb8 18. Rhf1 Nc6 19. h4 Ne7 20. g4 Rd5 21.
g5 hxg5 22. hxg5 c5 23. Kd3 Ng6 24. Ke3 Rad8 25. Nd6 Rd7 26. Rf2 cxd4+ 27. cxd4
Rc7 28. Raf1 Nxe5 29. dxe5 Rxe5+ 30. Kf4 Rd5 31. Ne4 Rc4 32. Ke3 Re5 33. Rf4
Ra4 34. Kd3 Rxa3+ 35. c3 Rd5+ 36. Kc2 Rd7 37. Kb2 Ra5 38. c4 Re5 39. Rg4 Kf8
40. Rh4 Rd4 41. Rff4 Rf5 42. Rfg4 Rxc4 43. Rh8+ Ke7 44. Rh7 Re5 45. Rhh4 Rb5+
46. Ka3 Rc1 47. Ka2 Rc4 48. Ka3 a5 49. Nd2 Rxg4 50. Rxg4 f5 51. Rf4 g6 52. Rh4
Rd5 53. Nc4 Rd3+ 54. Ka4 b5+ 55. Kxb5 Rd5+ 56. Kc6 f4 57. Rxf4 Rxg5 58. Rd4 Kf6
59. Kd6 Rb5 60. Re4 a4 61. Rxe6+ Kg5 62. Kc6 Rb3 63. Re5+ Kf4 64. Ra5 g5 65.
Rxa4 Rc3 66. Kd5 g4 67. Nd2+ Ke3 68. Rxg4 1/2-1/2

[Event "63. BEM 2009"]
[Site "Dortmund"]
[Date "2009.03.09"]
[Round "7.13"]
[White "Raskin, Vitali"]
[Black "Ezzat, Tarik"]
[Result "1-0"]
[WhiteElo "1612"]
[BlackElo "1517"]
[PlyCount "81"]
[EventDate "2009.??.??"]
[Source "SG Dortmund"]
[SourceDate "2004.12.16"]

1. d4 d5 2. c4 e6 3. Nf3 Nf6 4. Bg5 c6 5. Nc3 Be7 6. e3 Qa5 7. Qc2 Nbd7 8. Be2
O-O 9. O-O h6 10. Bh4 Re8 11. a3 Qd8 12. Ne5 Nxe5 13. dxe5 Nd7 14. Bxe7 Qxe7
15. cxd5 exd5 16. f4 Nf8 17. Kh1 Bd7 18. Rad1 Qc5 19. Qd3 g6 20. b4 Qe7 21. e4
Red8 22. exd5 Bf5 23. Qg3 cxd5 24. Nxd5 Qe6 25. Nc7 Qa2 26. Nxa8 Qxe2 27. Rde1
Qc2 28. Rc1 Qa2 29. Nc7 Be4 30. Rf2 Qc4 31. Re1 Qxc7 32. f5 Rd3 33. Qg4 Qxe5
34. Kg1 Rd4 35. Rf4 Rd2 36. Rfxe4 Qd5 37. Qf3 Qd6 38. Re8 Qb6+ 39. Kh1 g5 40.
Qc3 Qf2 41. Rxf8+ 1-0